000 nam a22 a 4500
999 _c283
_d283
003 AKMAL
005 20170503091759.0
008 170503t2006 my a e | 000 0 may d
020 _a9833219535 (kkt.) :
_cRM37.90
040 _aAKMAL
082 0 4 _a001.42 CHU
_222
090 0 0 _a001.42
_bCHU
100 1 _aChua, Yan Piaw
_9511
245 1 0 _aKaedah penyelidikan /
_cChua Yan Piaw
260 _aShah Alam, Selangor :
_bMcGraw-Hill (M),
_c2006
300 _axix, 325ms. :
_bil. ;
_c27cm.
500 _aMengandungi indeks : ms. 319 - 325
504 _aBibliografi: ms. 306-308
650 1 0 _aResearch
_xMethodology
_9513
942 _2ddc
_cBOOK
950 _lAKMAL